Bandeiras dos Países e Estados soberanos na década de 1960 - Statistics

Estatísticas Gerais
  • Esse quiz foi jogado 15 vezes
  • A pontuação média é 73 de 160
Estatísticas das Respostas
Imagem Resposta % Correto
China
100%
Marrocos
100%
República Popular da Albânia
100%
Vietnã
100%
Tunísia
89%
União Soviética
89%
Áustria
78%
Canadá
78%
Dinamarca
78%
Líbano
78%
Peru
78%
República Popular da Mongólia
78%
Suíça
78%
Turquia
78%
Alemanha Ocidental
56%
Alemanha Oriental
56%
Andorra
56%
Antígua
56%
Arábia Saudita
56%
Argélia
56%
Argentina
56%
Austrália
56%
Barbados
56%
Bélgica
56%
Brasil
56%
Butão
56%
Chile
56%
Chipre
56%
Colômbia
56%
Coreia do Norte
56%
Coreia do Sul
56%
Costa do Marfim
56%
Costa Rica
56%
Cuba
56%
El Salvador
56%
Equador
56%
Espanha
56%
Estados Unidos
56%
Filipinas
56%
Finlândia
56%
França
56%
Gana
56%
Guatemala
56%
Guiana
56%
Haiti
56%
Índia, Dadra e Nagar Haveli
56%
Irlanda
56%
Islândia
56%
Israel
56%
Itália
56%
Jamaica
56%
Japão
56%
Libéria
56%
Luxemburgo
56%
México
56%
Nepal
56%
Nicarágua
56%
Nigéria
56%
Noruega
56%
Nova Zelândia
56%
Países Baixos
56%
Paquistão
56%
Paraguai
56%
Quênia
56%
Reino Unido
56%
República Dominicana
56%
República Popular da Bulgária
56%
Ruanda
56%
San Marino
56%
Senegal
56%
Síria
56%
Suécia
56%
Vaticano
56%
Venezuela
56%
Bolívia
44%
Camarões
44%
Camboja
44%
Gabão
44%
Guiné
44%
Honduras
44%
Hungria
44%
Indonésia
44%
Iugoslávia
44%
Jordânia
44%
Kuwait
44%
Liechtenstein
44%
Malásia
44%
Mali
44%
Malta
44%
Mônaco
44%
Níger
44%
Palestina
44%
Panamá
44%
Polônia
44%
Portugal
44%
República Socialista da Romênia
44%
Samoa Ocidental
44%
Santa Lúcia
44%
Somália
44%
Tailândia
44%
Taiwan
44%
Tanzânia
44%
Tchecoslováquia
44%
Togo
44%
Trinidad e Tobago
44%
Uganda
44%
Uruguai
44%
África do Sul
33%
Anguilla
33%
Botswana
33%
Burundi
33%
Chade
33%
Gâmbia
33%
Guiné Equatorial
33%
Império Etíope
33%
Irã
33%
Iraque
33%
Lesoto
33%
Malawi
33%
Maldivas
33%
Mauritânia
33%
Nauru
33%
Reino da Grécia
33%
República Árabe do Iêmen
33%
República Centro-Africana
33%
República Democrática do Congo
33%
República Democrática Popular do Iêmen
33%
República do Congo
33%
Rodésia
33%
Serra Leoa
33%
Singapura
33%
Suazilândia
33%
Vietnã do Sul
33%
Zâmbia
33%
Afeganistão
22%
Alto Volta
22%
Ceilão
22%
Dahomey
22%
Dominica
22%
Estado da Somalilândia
22%
Laos
22%
Maurícias
22%
República Livre do Congo
22%
Tanganica
22%
Zanzibar
22%
Biafra
11%
Birmânia
11%
Fizi
11%
Granada
11%
Ilhas Suvadivas
11%
Katanga
11%
Líbia
11%
Malgaxe
11%
República Árabe Unida
11%
República do Benim
11%
Ruenzururu
11%
São Cristóvão-Névis-Anguilla
11%
São Vicente e Granadinas
11%
Sudão
11%
Sultanato de Muscat e Omã
11%
Nenhum quiz correspondente encontrado
Distribuição das Pontuações
Porcentagem de Pessoas com Cada Pontuação
Percentil de Números Respondidos
Sua Pontuação Histórica
Você não jogou esse quiz